| 000 | 01112nac a22002411u 4500 | ||
|---|---|---|---|
| 010 | _a 71124141 | ||
| 020 | _a0070476500 | ||
| 082 | 0 | 0 |
_a621.381043 _bO484 |
| 090 |
_c3971 _d3971 |
||
| 100 | _aOliver, Bernard M., | ||
| 245 | 1 | 0 |
_aElectronic measurements and instrumentation. _cEdited by Bernard M. Oliver [and] John M. Cage. |
| 260 |
_aNew York, _bMcGraw-Hill,[1971] _c[1971] |
||
| 300 |
_axviii, 729 p. _billus. _c24 cm. |
||
| 490 | 0 | _aInter-university electronics series, v. 12 | |
| 504 | _aIncludes bibliographical references. | ||
| 650 | 0 | _aElectronic measurements. | |
| 650 | 0 | _aElectronic instruments. | |
| 700 | 1 | _aCage, John M., | |
| 942 |
_cBB _k621.381043O484 |
||
| 999 |
_c3971 _d3971 |
||